[Event "POL-ch 54th"]
[Site "Sopot"]
[Date "1997.??.??"]
[Round "3"]
[White "Urban, Klaudiusz"]
[Black "Kempinski, Robert"]
[Result "1/2-1/2"]
[WhiteElo "2490"]
[BlackElo "2515"]
[Annotator "Meulders,R"]
[PlyCount "82"]
[EventDate "1997.03.18"]
[EventType "tourn"]
[EventRounds "15"]
[EventCountry "POL"]
[EventCategory "9"]
[SourceTitle "CBM 059"]
[Source "ChessBase"]
[SourceDate "1997.08.01"]
[SourceVersion "1"]
[SourceVersionDate "1997.08.01"]
[SourceQuality "1"]

1. d4 Nf6 2. c4 g6 3. Nc3 Bg7 4. e4 O-O 5. Bg5 d6 6. f3 c5 7. d5 h6 8. Be3 e6
9. Qd2 exd5 10. cxd5 h5 $5 {Ein Normalzug in dieser Variante aber interessant
ist daß Schwarz ohne das übliche Re8 rauskommt.} 11. a4 a6 12. Nge2 Nbd7 13.
Nd1 Ne5 14. Nec3 Nh7 15. Be2 Qh4+ $5 {Nd1 will natürlich sowieso nach f2, aber
der Damenausfall macht ein eventuelles Nc4 möglich und macht den Weg frei für
Ra8.} 16. Nf2 f5 {Ein typisch Verfahren in dieser Variante um das Weisse
Zentrum zu zerstören. Zugleich droht sofortiger Gewinn mit ...f4.} 17. exf5 {
Dieser Zug ist Schwarz gerade recht: Bf5 kommt ins Spiel und auch Ra8 kann
schnell zentralisiert werden. Es ist aber nicht leicht eine vernünftige
Alternative für Weiss zu bieten.} (17. g3 Qe7 18. f4 (18. O-O fxe4 19. Nfxe4
Bh3 20. Rf2 Rae8 {sieht auch nicht schlecht aus für Schwarz.}) 18... Ng4 19.
Nxg4 hxg4 20. e5 dxe5 21. d6 Qe6 {führ zu Unübersichtlichen Verwicklungen, die
wahrscheinlich eher Schwarz zuguten kommen.}) 17... Bxf5 18. O-O Rae8 $1 {
Also doch ein Turm auf e8, aber nicht den f-Turm. Es ist eine Stellung mit
beiderseitigen Chancen entstanden. Die von Schwarz gewählte Aufstellung
scheint also recht zufriedenstellend zu sein.} 19. Rfe1 Qd8 20. a5 Nf6 21. Kh1
Qc7 22. h3 Re7 23. Na4 Nf7 (23... Rfe8) 24. Nb6 h4 (24... Rfe8 25. Bd3 Bxd3 26.
Nxd3 Nd7 $11) 25. f4 $6 (25. Ng4 $5) 25... Rfe8 26. Bf3 Nh6 $6 {Ich glaube es
wäre besser Nb6 mit ...Nd7 zu befragen.} 27. Rac1 Ne4 28. Bxe4 Bxe4 29. Bxc5 $5
{Forciert die folgende Abwicklung.} Bxg2+ (29... dxc5 30. d6 Bxg2+ 31. Kh2 Qd8
32. Rxe7 Rxe7 33. dxe7 Qxd2 34. e8=Q+ Kh7 35. Qe1 Qxe1 36. Rxe1 Bc6 37. Nd3 $16
) 30. Kxg2 Rxe1 31. Rxe1 Rxe1 32. Qxe1 Qxc5 33. Qe6+ Kh7 34. Nd7 Qd4 (34...
Qxa5 $2 35. Ne4 Qb5 36. Nef6+ Bxf6 37. Nxf6+ Kg7 38. Qe7+ Nf7 39. Ne8+ Kg8 40.
Qxf7+ Kxf7 41. Nxd6+ Ke7 42. Nxb5 axb5 43. Kf3 $18) 35. Qxd6 Nf5 36. Qc7 Qxd5+
37. Kg1 Qd4 38. Nf8+ Kh6 39. Ne6 Qe3 40. Nxg7 Nxg7 41. Qc8 Kh7 1/2-1/2

[Event "Cacak"]
[Site "Cacak"]
[Date "1996.??.??"]
[Round "9"]
[White "Beliavsky, Alexander G"]
[Black "Strikovic, Aleksa"]
[Result "1-0"]
[WhiteElo "2620"]
[BlackElo "2550"]
[Annotator "Meulders,R"]
[PlyCount "61"]
[EventDate "1996.11.??"]
[EventType "tourn"]
[EventRounds "9"]
[EventCountry "YUG"]
[EventCategory "13"]
[SourceTitle "CBM 057"]
[Source "ChessBase"]
[SourceDate "1997.04.01"]
[SourceVersion "1"]
[SourceVersionDate "1997.04.01"]
[SourceQuality "1"]

1. d4 {Petursson Beliavsky Hazai} Nf6 2. c4 g6 3. Nc3 Bg7 4. e4 d6 5. h3 {
Die deutschsprachigen Anmerkugen stammen von Meulders. Dieser Zug verfolgt auf
eine etwas solidere Weise in manchen Varianten die gleiche Idee wie 5.f3: dem
Springer das Feld g4 nehmen und der Läufer aktiver nach g5 entwickeln, anstatt
nach e3. So entstehen oft, wie in dieser Partie, Benoni und nicht
Königsindisch.} O-O 6. Bg5 c5 (6... Na6 {Hazai /\ e5 is the other main line
with mutual chances.}) 7. d5 a6 (7... e6 $1 {Hazai}) 8. a4 e6 9. Bd3 exd5 10.
cxd5 Re8 {Hazai annotates in english. Surprisingly enough this natural
developing move seems to be a waste of time in many variations. Black has to
begin his counterplay on the queenside immediately with Qc7,Nbd7,c4 and later
on b5.} (10... Qa5 $6 {Hazai} 11. Nf3 c4 12. Bc2 Nbd7 13. O-O Re8 14. Re1 Qc7
15. Qd2 $14 {Caselas-Strikovic, Aceimar op 1995}) (10... Qc7 {Hazai} 11. Nf3 c4
12. Bc2 h6 13. Be3 Nbd7 14. O-O b6 15. Re1 Nc5 16. a5 Nfd7 17. Qd2 Kh7 18. axb6
Qxb6 19. Na4 Qc7 20. Bd4 $14 {Chernin-Ma.Tseitlin, Beersheba 1992}) (10... Nbd7
{Hazai} 11. Nf3 Qc7 12. O-O Rb8 13. Re1 c4 14. Bf1 b5 (14... Re8 $6 {after
this move Black has no real opportunity on the queenside anymore.} 15. Rc1 b5 (
15... Nc5 16. Bxc4 Nfxe4 17. Nxe4 Rxe4 18. Rxe4 Nxe4 19. Bd3 Nc5 20. b4 $18)
16. axb5 axb5 17. Nd4 $1 b4 (17... Ba6 18. b4 $1 $16) 18. Ncb5 Qb6 19. Rxc4 Nc5
20. Nc6 $1 Ncxe4 21. Be3 Qxb5 22. Rxe4 $1 Rxe4 23. Bxb5 Rxb5 24. Bd4 $16 {
Conquest-Davies, London 1991 see CBM 24!}) 15. axb5 axb5 16. b4 cxb3 17. Nxb5
Qb6 18. Rb1 Nc5 19. Nd2 Ba6 20. Nxb3 Bxb5 21. Nxc5 Qxc5 22. Be3 Qa3 23. Rxb5
Rxb5 24. Bxb5 Nxe4 $11 {Lukov-Tal, Tbilisi 1988}) 11. Nf3 Qb6 $6 {[#] It is
extremely risky to grab pawns on b2 against an excellent attacking player like
Beliavsky! Riskant, obgleich es eines Spitzenspielers wie Beliavsky bedarf, um
die Widerlegung zu finden. "Normal" sehen ...h6 oder ...b6 aus.} (11... Nbd7 {
Hazai} 12. O-O $14 Qc7 13. Re1 Rb8 14. Rc1 {see 10...Nbd7}) 12. O-O $1 {
After this pawn sacrifice White gets a lot of tempo to prepare the
breakthrough in the centre by e4-e5.} (12. Qc2 {Beliavsky}) 12... Qxb2 13. Rc1
Nbd7 (13... Qb6 {Beliavsky} 14. Nd2 Qc7 15. Nc4 Nfd7 16. f4 Nb6 17. e5 $1 {
Potapov-Voloshin (Ufa 1993)}) 14. Nd2 Qb6 {Gleich wieder nach Hause. Der
Versuch die Entwicklung weiter fortzusetzen hat ebenfalls Schattenseiten:} (
14... Ne5 15. Be2 Qb4 16. Be3 $1 (16. f4 Nd3 17. Rc2 (17. Bxd3 Qd4+) 17... Qd4+
18. Kh2 Nf2 $17) 16... c4 17. f4 Nd3 18. Na2 Qa3 19. Nxc4 Qxa2 20. Bxd3 Nxe4
21. Bb1 $1 $18) 15. Nc4 Qc7 16. f4 Nb6 {[#]} (16... b6 {Hazai} 17. e5 dxe5 18.
d6 $18) 17. e5 $1 {This is the typical breakthrough in the centre in a Benoni
pawn formation. The passed pawn on d6 will be extremely powerful. Ein
"Feld-Feger" um das Feld e4 frei zu machen für die weißen Figuren. Ein
typisches Verfahren im Kampf gegen Benoni.} Nxc4 (17... Nfxd5 18. Nxd5 (18.
Nxd6 Re6 19. Nxd5 Nxd5 20. Qf3 (20. Bxg6 Ne3 21. Bxh7+ Kxh7 22. Qd3+ Kh8 23.
Rfe1 (23. Qxe3 Qxd6 24. Qxc5 Qxc5+ 25. Rxc5 Bd7 $17) 23... Nxg2 24. Kxg2 Qc6+
25. Qe4 Qxe4+ 26. Rxe4 b6 27. Nxf7+ Kg8 28. Nd8 (28. Nd6 $1 Rxd6 29. exd6 Bb7
30. Rce1 Re8 31. d7 Rxe4 32. Rxe4 Bxe4+ 33. Kg3 $18) 28... Re8 29. Rd1 $16)
20... Nb6 21. a5 Nd7 22. Bc4 Rxd6 23. exd6 Qxd6 24. Rcd1 Bd4+ 25. Kh1 $14)
18... Nxd5 19. Be4 Nb4 20. Nxd6 Re6 21. Qd4 h6 22. Rxc5 Qxd6 23. Qxb4 Qf8 24.
Bh4 b6 25. Rc4 Rb8 26. Bd5 $14) 18. Bxc4 dxe5 19. d6 $1 {Ein zweiter
Feld-Feger (Feld d5).} Qd8 20. Nd5 e4 21. Qb3 {Petursson: Stronger than going
for the exchange with Nd5-c7} (21. Nc7 {Beliavsky} Bd7 22. Nxa8 Qxa8) (21. d7 {
Beliavsky} Bxd7 22. Nxf6+ Bxf6 23. Bxf6 Qxf6 24. Qxd7 Re7 25. Qd5 Qd4+) 21...
Be6 22. d7 $1 {Nach zwei Fegern jetzt ein Öffner: Weiss möchte die d-Linie für
den Turm freimachen.} Bxd7 $2 {Dies ist zu gierig. Schwarz darf den dritten
Bauer nicht fressen. Er muß die d-Linie geschlossen halten mit ...Rf8 z.B.:} (
22... Rf8 23. Nxf6+ Bxf6 24. Bxe6 fxe6 25. Qxe6+ Kg7 26. Rxc5 Bxg5 27. Rxg5 $14
) 23. Rcd1 {White has created nasty pins!} Re6 (23... b5 24. Nxf6+ (24. axb5 {
Petursson} axb5 25. Nxf6+ Bxf6 26. Bxf7+ Kg7 27. Bxe8 Qxe8 28. Bxf6+ Kxf6 29.
Qc3+ Kf7 30. Qxc5 $18) 24... Bxf6 25. Bxf7+ Kg7 26. Bxf6+ Kxf6 27. Bxe8 Qxe8
28. Qc3+ $18) 24. f5 $1 {Der Öffner: die f-Linie wird göffnet und die weiße
Flut überspült das wacklige schwarze Häuschen.} (24. Nxf6+ {Petursson} Rxf6 25.
Qxb7 {Petursson: is another way to win}) 24... gxf5 25. Rxf5 {Finally a piece
is falling due to the pins.} e3 {"Hilfe! Es geht nichts mehr!"} (25... b5 26.
Nxf6+ Bxf6 27. Bxe6 Bxe6 28. Rxd8+ Bxd8 29. Rd5 $18) (25... Rd6 26. Nxf6+ Bxf6
27. Rxd6 Bxg5 28. Rxf7 $18) (25... Qe8 26. Nxf6+ Bxf6 27. Bxf6 Bxa4 28. Qg3+
Kf8 29. Qg7#) (25... Qa5 26. Bxf6 Bxa4 27. Qg3 Rxf6 28. Nxf6+ Kh8 29. Qh4 $18)
26. Nxf6+ Rxf6 27. Rfd5 b5 28. Rxd7 Qe8 29. axb5 axb5 30. Qxb5 e2 31. Bxe2 {
Eine von Beliavsky sehr energisch und musterhaft gespielte Partei.} 1-0

[Event "Bundesliga 1011"]
[Site "Germany"]
[Date "2011.04.10"]
[Round "15.3"]
[White "Braun, Arik"]
[Black "Efimenko, Zahar"]
[Result "0-1"]
[WhiteElo "2538"]
[BlackElo "2683"]
[Annotator "Meyer,CD"]
[PlyCount "86"]
[EventDate "2010.10.09"]
[EventType "team-tourn"]
[EventRounds "15"]
[EventCountry "GER"]
[SourceTitle "CBM 142"]
[Source "ChessBase"]
[SourceDate "2011.05.17"]
[SourceVersion "1"]
[SourceVersionDate "2011.05.17"]
[SourceQuality "1"]
[WhiteTeam "Eppingen"]
[BlackTeam "Werder Bremen"]
[WhiteTeamCountry "GER"]
[BlackTeamCountry "GER"]
[WhiteClock "0:42:00"]
[BlackClock "0:51:00"]

1. d4 d6 2. c4 g6 3. Nc3 Bg7 4. e4 c5 5. d5 e6 6. Nge2 Nf6 7. Ng3 O-O 8. Be2 a6
9. a4 exd5 10. cxd5 Nbd7 11. O-O Re8 12. Bf4 Ne5 (12... Qe7 13. Qd2 h5 (13...
b6 14. h3 Rb8 $13 {Kaposztas - Ju. Cimmermann, Eger 1993, ECO/A2}) 14. Rfe1 h4
15. Nh1 Nh7 16. h3 Rb8 (16... Bd4 $5 17. Be3 Bxe3 18. Qxe3 g5 $13) 17. Be3 Ndf6
18. f3 Kh8 19. Nf2 Nh5 20. f4 Ng3 21. Bf3 b6 22. Rab1 f5 $2 23. e5 $1 dxe5 24.
fxe5 $16 {Svetushkin,D (2501) - Ardelean,G (2444), Bucharest 2002}) 13. Qd2 Bd7
(13... b6 14. h3 Bb7 15. Bh6 Bxh6 16. Qxh6 Ned7 17. f4 Qe7 18. Bc4 Kh8 19. Qg5
Qf8 20. Rae1 h6 21. Qh4 Qg7 22. Re3 Rad8 23. Nge2 $14 Kg8 $6 24. Qf2 Nf8 25.
Ng3 $16 h5 26. Rd1 N8d7 27. Nf1 Qh6 28. e5 $18 {Sokolov,I (2656) - Jobava,B 
(2330), Batumi 1999}) 14. Rfb1 Rc8 15. h3 c4 16. Be3 h5 17. a5 Bb5 18. f3 Nfd7
19. Nxb5 axb5 20. Qb4 f5 (20... Nc5 $1 21. Qxb5 f5 $44 22. Bxc5 (22. Ra3 $2 f4
$1 23. Bxf4 Qh4) 22... Rxc5 23. Qa4 (23. Qxb7 $2 Qg5 24. Kh2 h4 25. Nf1 Nd3 $40
{-+}) 23... h4) 21. a6 (21. exf5 $5 Nc5 $1 22. Bxc5 (22. fxg6 $6 Nxf3+ 23. Bxf3
Rxe3) 22... Rxc5 23. Qd2 Qh4 $1 24. Ne4 Nxf3+ $1 25. Bxf3 (25. gxf3 $4 gxf5 $40
26. Nf2 (26. Qe3 fxe4 27. f4 c3) 26... Bd4 27. Rf1 Rxd5 28. Kg2 Re6) 25... Rxe4
26. Bxe4 Qxe4 $44) 21... bxa6 22. Qxd6 h4 23. Nf1 fxe4 (23... Nf6 $5) 24. f4 (
24. fxe4 Nf6) 24... Nd3 25. Qxg6 Nf8 (25... N7c5 $13) 26. Qf5 Ra8 $13 27. Nd2 (
27. Bh5 Re7 28. Qg4) 27... Qf6 28. Qg4 Ng6 (28... Nxb2) 29. Rf1 Rad8 $2 {
Zu unentschlossen, nun nimmt Weiß das Heft in die Hand!} (29... Nxb2 $13 {
war die letzte gute Gelegenheit}) 30. f5 Nge5 31. Qh5 Nf7 $2 {Diagramm [#]} ({
Überdeckt zwar den Punkt g5, aber noch wichtiger ist die Kontrolle über f6.
Daher war} 31... Nd7 $5 {geboten, wenngleich Weiß nach} 32. Kh1 (32. Bg5 $6
Qb6+ 33. Kh1 Nf6) 32... Qd6 33. Qxh4 {klar am Drücker bleibt, z.B.} Nf6 34. Bh5
Re7 35. Bg6 Nb4 $1 (35... Nxb2 $2 36. g4 {/\g5}) (35... Qxd5 $2 36. Rxa6) 36.
Rfd1 $1 Nbxd5 37. Nf1 Red7 38. Bg5 Qb6 39. Re1 a5 40. Ng3 $16) 32. Rxa6 $3 {
Der ehemalige Jugendweltmeister läßt sein großes Talent aufblitzen. Der mutige,
chancenreiche Textzug ist ein fulminantes, spekulatives Turmopfer zwecks
Freilegung des Schlüsselpunktes f6 und nachhaltiger Schwächung der feindlichen
Königsstellung !} Qxa6 ({Alternativen: I} 32... Rd6 $2 33. Ra7 $1 Rxd5 34. Kh1
$1 {Plan Lg5} Rde5 (34... Ree5 35. Ra8+ Bf8 36. Qg4+ Qg7 37. Qxh4 $18 Rxf5 38.
Rxf5 Rxf5 39. Nxe4) 35. Bd4) ({II} 32... Qxb2 $2 33. f6 $18) 33. f6 Rd6 {
Diagramm [#]} ({Falls aber} 33... Nde5 {, so folgt} 34. Nxe4 $1 Rxd5 (34... Rd7
35. fxg7 $18) 35. fxg7 $18 {mit Gewinn:} Re6 36. Rxf7 Nxf7 37. Qxd5) 34. Bd4 $4
{Verdirbt die bislang prächtige Angriffsleistung.} (34. fxg7 {war erforderlich,
und nun z.B.:} Rf6 (34... Rg6 {ist für den Angreifer relativ leichter zu
behandeln, z.B.:} 35. Qxh4 ({auch} 35. Bd4 Re5 (35... Nde5 36. Rxf7 Kxf7 37.
Nxe4) 36. Rxf7 Kxf7 37. Qh8 Rxg7 38. Bh5+ $18) 35... Rxg7 36. Bh5 $18 {mit
unwiderstehlichem Druck:} Qb7 (36... Nd6 37. Bxe8 Nxe8 38. Bd4) (36... Re5 37.
Nxe4) 37. Bd4 Nde5 (37... Re5 38. Nxe4) 38. Nxe4 Re7 39. Bxe5 Qa7+ 40. Kh2 Nxe5
(40... Rxe5 41. Nf6+ Kf8 42. Bxf7 Rxf7 43. d6) 41. Nf6+ Kf8 42. Nd7+ Kg8 43.
Rf8+ Kh7 44. Be8#) 35. Qxh4 Rxf1+ (35... Kxg7 36. Bxd3 exd3 37. Bd4 Re5 38.
Qg3+ Rg5 39. Rxf6) 36. Nxf1 {Diagramm [#] (Analyse)  mit zahlreichen, z.T.
komplexen Möglichkeiten. Tatsächlich scheint der Angriff in jedem Fall
durchzudringen. Hier einige nachspielenswerte, wuchtige (Computer-)Varianten.
Weiß droht beispielsweise 37.Lh5 (auch 37.Sg3) 37...Sde5 38.Sg3 Sg6 39.Lxg6
Dxg6 40.Ld4 Sh6 (40...e3 41.Sf5; 40...Sd6 41. Sh5 oder 41.Dh8+) 41.Sh5 usw.}
Nde5 (36... b4 37. Ng3 (37. Bd4 Qh6 38. Bh5 Nd6 (38... Nde5 39. Kh1 Nd6 40. Be3
Qh7 41. Bc5) 39. Be3 Qh7 40. Ng3 c3 41. b3 Ne5 42. Qf6 $18)) (36... Qd6 37. Bd4
Nde5 (37... Re5 38. Bh5) (37... Qh6 38. Bh5) 38. Ne3 Ng6 (38... Qd8 39. Qxd8 (
39. Qf4 Qg5 40. Qxg5 Nxg5 41. Bh5 Ngf7 42. Nf5) 39... Rxd8 40. Bh5 {Plan Sf5})
39. Qg4 Nf4 (39... Nge5 40. Qxe4) 40. Nf5 Nxe2+ 41. Qxe2 Qg6 42. Qf2) (36...
Kxg7 37. Bd4+ Kf8 (37... Nde5 38. Ng3 $1 $18) 38. Qg3 $1 Nde5 (38... Qh6 39.
Bxd3 exd3 40. Bc5+ Nd6 41. Bxd6+ Kf7 42. Be5 $18 d2 43. Nxd2 Qxd2 44. Qg7#) 39.
Bc5+ Nd6 (39... Re7 40. Qh4) 40. Bh5 Nef7 41. Qf4 $18 {und Schwarz ist
überlastet}) (36... Re5 37. Bd4 Qd6 (37... Qh6 38. Qxh6 Nxh6 39. Bxe5 Nxe5 40.
Kf2 $18) 38. Ne3 Qe7 39. Qg4) 37. Bh5 Kxg7 (37... Ng6 38. Qg4 (38. Bxg6 Qxg6
39. Bd4) 38... Nfe5 39. Qxe4 $18) (37... Qd6 38. Bxf7+ Nxf7 39. Bd4 Qh6 (39...
Nh6 40. Bf6 Kh7 41. Ne3) 40. Qf2 {/\Ne3+-}) 38. Bxf7 (38. Ng3 Qf6 39. Qxe4)
38... Nxf7 (38... Kxf7 39. Qh7+ Kf6 40. Qh6+ Ng6 41. Bg5+ Ke5 42. Qg7+ Kxd5 43.
Qd7+) 39. Bd4+ Kf8 40. Bc5+ Kg7 41. Ng3 $18) 34... Bh6 $2 {Ein postwendender
Fehler, worauf Weiß das Remis erzwingen kann.} ({Schwarzen Vorteil behauptet
hätte dagegen} 34... Rxf6 35. Bxf6 Qb6+ 36. Kh2 (36. Kh1 $2 Nf2+ 37. Rxf2 Qxf2
38. Bxg7 Kxg7 $19) 36... Qd6+ 37. Kh1 Nf4 $1 {und nun:} 38. Qxh4 ({oder} 38.
Qg4 Qxf6 39. Rxf4 Ne5 $1 40. Qxh4 Qxh4 41. Rxh4 e3 42. Nf1 (42. Ne4 Ra8 {
/\Ra2-+}) 42... Nd7 $17) 38... Nxe2 39. Qg4 Ng3+ 40. Kg1 Qb6+ 41. Rf2 Nf5 42.
Bxg7 Nxg7 43. Nxe4 Ne5 44. Qh4 Nd7 $17) 35. Qg6+ ({Jedoch nicht} 35. Nxe4 $2 {
wegen} Nde5 $1 $17) 35... Kf8 36. Bh5 Nde5 ({Oder} 36... Qb7 37. Qh7 Rxd5 38.
Bxf7 Qxf7 39. Qxh6+ Kg8 40. Qxh4 {und Schwarz hat nichts Besseres als} Rxd4 {
, worauf Weiß wiederum Dauerschach geben kann und muß! Man sehe:} 41. Qg5+ $11
Kh7 (41... Kh8 42. Qh6+ Kg8 (42... Qh7 $4 43. f7 $1 Rdd8 44. fxe8=Q+ Rxe8 45.
Qc6 $1 Rg8 46. Rf6 $18 Ne5 47. Qe6 Ng6 48. Nxe4) 43. Qg5+ $11) 42. Qh4+ Kg6 43.
Qg4+ Kh7 (43... Kh6 $4 44. Rf5 $1 $18 e3 (44... Nf4 45. Qg5+ Kh7 46. Rxf4) 45.
Rh5+ Qxh5 46. Qg7#) 44. Qh4+ $11) 37. Qh7 Rxf6 {Diagramm [#] Was nun ?} ({
Bloß nicht} 37... Rxd5 $4 {wegen} 38. Bc3 $1 Red8 39. Nxe4 $1 {und angesichts
der Drohungen Bxe5 und Bb4+ wäre Schwarz verloren.}) 38. Bc5+ $4 {Erliegt kurz
vor der Zeitkontrolle einer Verführung: Darauf hat der glückliche Verteidiger
zwar nur eine Parade, aber die ist mehr als ausreichend!} ({Dem tapferen
Angreifer ist auf die Schnelle folgende forcierte Remisabwicklung entgangen:} 
38. Rxf6 $8 Qxf6 39. Bxf7 Qg7 $8 (39... Be3+ $2 40. Bxe3 Nxf7 41. Nxe4) (39...
Qxf7 $4 40. Bc5+) 40. Qxg7+ Bxg7 41. Bxe8 $11 {und nach dem weiteren} e3 $1 42.
Nxc4 bxc4 43. Bxe5 Bxe5 44. Bb5 $11 {wäre aus dem Kampfgetümmel keiner als
Sieger hervorgegangen.}) 38... Re7 $8 $19 {Wonach sämtliche Angriffsbemühungen
ins Leere laufen.} 39. Rxf6 (39. Bxf7 Rxf1+ 40. Nxf1 Nxf7 41. Bxe7+ Kxe7 42.
Qxe4+ Kf8 43. Qxh4 Qa7+ 44. Kh1 Qc5 $19) 39... Qxf6 40. Nxe4 Qf4 41. d6 (41.
Bxe7+ Kxe7 42. d6+ Kf8) 41... Qc1+ 42. Kh2 Bf4+ 43. g3 hxg3+ {und Weiß gab.} ({
Nach} 43... hxg3+ {könnte folgen:} 44. Kg2 (44. Nxg3 Ng4+) 44... Qxb2+ 45. Kf1
(45. Bf2 Rd7) (45. Nf2 Rd7) 45... Rd7 $19) 0-1